Borland C + + v příkladech /

Guardado en:
Detalles Bibliográficos
Autores principales: Kukal, Jaromír (Autor), Jelen, Milan (Autor)
Formato: Libro
Lenguaje:checo
Publicado: Praha : Grada, 1992
Materias:
Etiquetas: Agregar Etiqueta
Sin Etiquetas, Sea el primero en etiquetar este registro!

MARC

LEADER 00000nam a22000003a 4500
001 stu37573
005 20171204144410.1
008 920807s1992----cs------------------cze-d
020 |a 80-85424-48-7 
040 |a STU  |b slo 
041 0 |a cze 
044 |a cs 
080 |a 519.682 
080 |a 681.3.06 
100 1 |a Kukal, Jaromír  |4 aut 
245 1 |a Borland C + + v příkladech /  |c [aut.]Jaromír Kukal, Milan Jelen 
260 |a Praha :  |b Grada,  |c 1992 
300 |a 229 s 
650 7 |a Jazyky programovacie: Borland C  |2 stusub 
650 7 |a Borland C  |2 stusub 
650 7 |a programovanie  |2 stusub 
700 1 |a Jelen, Milan  |4 aut 
996 |b 284M061088  |c M*8064-1  |l MMKN  |s A  |a 24  |w stu37573_0001